| 000 | 00515nam a2200169 i 4500 | ||
|---|---|---|---|
| 001 | 111772 | ||
| 003 | ES-MaACL | ||
| 005 | 20230906185347.0 | ||
| 007 | t| | ||
| 008 | 061121q19101919ag r ||||1| spa d | ||
| 100 | 1 |
_aNatale, José A. _984982 |
|
| 245 | 1 | 3 |
_aLa base fonética _b: tratado de fonética analógica aplicada a la enseñanza / _cJosé A. Natale. |
| 260 |
_aBuenos Aires : _bAngel Estrada y Co., _c[191--?] |
||
| 300 |
_a285 p. ; _c21 cm. |
||
| 650 | 4 |
_aFonética. _912922 |
|
| 852 |
_aES-MaACL _jF-558 |
||
| 999 |
_c111772 _d111772 |
||